000 00253nam a2200109 4500
008 160625b xxu||||| |||| 00| 0 eng d
100 _91168
_a Palmer, P
245 _aCreation
260 _aUSA
_b David C.Cook
_c1976
300 _aCreation
942 _2ddc
_cBK
999 _c950
_d950